000 01285nam a2200337Ia 4500
008 130821s2006 xxua gr spa
020 _a9589786014
040 _aCo-BoUCM
_bspa
041 0 0 _aspa
245 0 0 _aAgua, electricidad y pobreza ¿quién se beneficia de los subsidios de los servicios públicos?
_cKristin Kromives...[et al]
260 _aWashington
_bBanco Mundial, Mayol Ediciones
_c2006
300 _axviii, 297 páginas
_bgráficas, tablas
490 0 _aDirecciones para el Desarrollo
504 _aIncluye referencias bibliográficas.
650 0 4 _aDesigualdad social
_913044
650 0 4 _aMarginalidad social
_918990
650 0 4 _aPobreza
_921746
650 0 4 _aProblemas sociales
_922324
650 0 4 _aServicios públicos
_vAspectos sociales
_924340
650 0 4 _aSociología
_9386
651 4 _aPaíses en desarrollo
_xCondiciones sociales
_9447
700 1 _aAbdullah, Roohi
_9166454
700 1 _aFoster, Vivien
_9129930
700 1 _aHalpern, Jonathan
_9166455
700 1 _aKomives, Kristin
_9166456
700 1 _aWodon, Quentina
_9166457
710 2 _aBanco Mundial
_93923
765 _tWater, electricity and the poor : who benefits from utility subsidies?
942 _cLIBRO
_a16
_e1
_mA282
_2DEWEY
_h363.6
999 _c65378
_d65378